| 000 | 00538nam a22001817a 4500 | ||
|---|---|---|---|
| 999 |
_c21065 _d21065 |
||
| 003 | AR-CdUCM | ||
| 008 | 190926b ||||| |||| 00| 0 spa d | ||
| 040 |
_aMUNICIPALIDAD PROVINCIAL DEL CUSCO _cBIBLIOTECA MUNICIPAL DEL CUSCO |
||
| 082 |
_a750 / _bC16 |
||
| 100 |
_aCajahuaringa, Silvia _943860 |
||
| 245 |
_aPintura : _b"por el pasar de cuatro continentes" / |
||
| 260 |
_aLima : _bSSC, _c2006. |
||
| 300 |
_bfotografías a color, _c26 cm. |
||
| 650 |
_aOleos _97582 |
||
| 650 |
_aLienzos _943861 |
||
| 942 |
_2ddc _cLIBROS |
||
| 945 | _azta | ||